| 000 | 01224nam a2200241 a 4500 | ||
|---|---|---|---|
| 005 | 20160722095909.0 | ||
| 008 | 160722s2007 -cna||||r|||| 00| 0 spa d | ||
| 020 | _a9292250736 | ||
| 040 |
_aCO-BoIAVH _cCO-BoIAVH |
||
| 041 | 0 | _aeng | |
| 044 | _acn | ||
| 082 | 0 | 4 |
_a333.9516 _bE53i |
| 245 | 0 | 0 |
_aEmerging issues for biodiversity conservation in a changing climate : _bAbstracts of poster presentations at the 12th meeting of the subsidiary body on scientific, technical and technological advice of the convention on biological diversity / _cSecretariat of the Convention on Biological Diversity |
| 260 |
_aMontreal, Canadá : _bSecretariat of the Convention on Biological Diversity, _c2007. |
||
| 300 |
_aviii, 112 páginas : _bilustraciones ; _c29 x 21 cm. |
||
| 490 | 0 |
_aCBD Technical Series ; _v29 |
|
| 504 | _aIncluye referencias bibliográficas. | ||
| 650 | 2 | 6 |
_aConservación de la diversidad biológica _xCongresos, conferencias, etc. |
| 650 | 2 | 6 |
_aCambio climático _xCongresos, conferencias, etc. |
| 650 | 2 | 6 |
_aBiodiversidad _xmitigación del cambio climático _vCongresos, conferencias, etc. |
| 710 | 2 | _aSecretariat of the Convention on Biological Diversity | |
| 942 |
_2ddc _cLIBRO |
||
| 999 |
_c5705 _d5705 |
||